Countries that Lost Population since 1950 - Statistics

General Stats
  • This quiz has been taken 60 times
  • The average score is 2 of 3
Answer Stats
Loss Loss in % Answer % Correct
107 11.8% Vatican City
77%
303 k 4.2% Bulgaria
70%
40.3 k 2.1% Latvia
47%
No matching quizzes found
Score Distribution
Percent of People with Each Score
Percentile by Number Answered
Your Score History
You have not taken this quiz